01239nas a2200277Ia 4500001002700000003001000027008004100037040002500078041001300103100005000116210004300166222004300209245019300252250001100445260000900456501012300465300001800588362002300606500005600629650002100685700001100706942000700717957000600724999003200730952019900762A50/R027-3392 [r000000505]IT-MiCISF161014c99999999xx |||||||||||| ||und|| aIT-MiCISFcIT-MiCISF aITALIANO aCamera dei Deputati e Senato della Repubblica aIl diritto di famiglia e delle persone aIl diritto di famiglia e delle persone 0aLegge 14 marzo 1985 n. 132: "Ratifica ed esecuzione della convenzione sull'eliminazione di ogni forma di discriminazione nei confronti della donna, adottata a new york il 18 dicembre 1979" a1a ed. c1985 bCISF - Centro Internazionale Studi Famiglia - Via Giotto, 36 20145 MILANO (non commercial uses only)cCopyright 2016 app. 1159-1168 a4, ott-dic. [1985] a Tema: donna, legislazione, emancipazione-femminile aDONNAvdocumento aAA.VV. cCR 71 a3392bSig1c222862d222862 0010406A_50_000000000000000_R0273392_R00000050571aCISFbCISFd2016-10-14l0oA50/R027-3392 [r000000505]r2016-10-14 00:00:00w2016-10-14yCRzData import 15.10.2016 / by Epidotti, Vaglietti